Repensar la educacin̤ en derecho internacional en Amřica Latina avances y discusiones en 2019 /

Detalles Bibliográficos
Autor principal: Prieto-Rios, Enrique
Otros Autores: Acosta Alvarado, Paola Andrea
Formato: eBook
Lenguaje:español
Publicado: Bogot:̀ Editorial Universidad de Rosario (Colombia), 2020
Materias:
Acceso en línea:Acceso restringido

MARC

LEADER 00000nam a22000007a 4500
005 20210428000043.0
007 cr|||| ||||
008 210428s2020 co |||||s|||| 00||0 spa d
020 |a 978-958-784-514-3 
035 |a 33138 
040 |a vLex 
090 |c 11549  |d 11549 
100 1 |a Prieto-Rios, Enrique 
245 1 0 |a Repensar la educacin̤ en derecho internacional en Amřica Latina  |h [Recurso electrn̤ico] :  |b avances y discusiones en 2019 /  |c Enrique Prieto-Rios, Paola Andrea Acosta Alvarado 
256 |a Servicio en ln̕ea 
260 |a Bogot:̀  |b Editorial Universidad de Rosario (Colombia),  |c 2020 
300 |a 1 recurso electrn̤ico 
506 1 |a Disponible solo en los productos indicados  |d vLex Global  |d vLex Global (Academic Edition, excluding Law Schools)  |d vLex Global (U.S. Academic Edition, Law Schools)  |d vLex Global (U.S. Academic Edition, excluding Law Schools)  |d vLex Global (Academic Edition, Law Schools) 
650 0 4 |a Derecho Internacional  |z Colombia 
700 1 |a Acosta Alvarado, Paola Andrea 
740 0 |a vLex Libros (Servicio en ln̕ea) 
856 4 0 |u https://vlex.com/source/repensar-educacion-derecho-internacional-america-latina-avances-discusiones-2019-33138  |z Acceso restringido 
942 |c BOOK 
999 0 |a International right